000 00487nam a2200133 a 4500
001 000033627
005 20200930070409.0
008 110902s1878 dr 000 0 spa d
040 _aDO-SdBNP
_bspa
_cBNPHU
100 1 _aEcheberri, José Manuel de
_959097
245 1 0 _a¿Do existen depositadas las cenizas de Cristóbal Colón? :
_bapuntes al caso en defensa de su conducta oficial /
_cJosé Manuel de Echeberri.
260 _aSanto Domingo :
_bSantander,
_c1878.
300 _a27 p. ;
_c24 cm.
999 _c33118
_d33118